[Event "XV Moglianoscacchi A"]
[Site "Mogliano Veneto ITA"]
[Date "1994.??.??"]
[Round "?"]
[White "Mufic, Goran"]
[Black "Dallaglio, Giovanni"]
[Result "1-0"]
[WhiteElo "2315"]
[BlackElo "1854"]
[PlyCount "75"]
[EventDate "1994.??.??"]

1. Nf3 c5 2. c3 Nf6 3. d4 e6 4. Bg5 Qb6 5. Qb3 Be7 6. e3 d6 7. Nbd2 Nbd7 8. Be2
O-O 9. O-O Qxb3 10. axb3 b6 11. Bb5 a6 12. Ra2 h6 13. Bxf6 Nxf6 14. Rfa1 a5 15.
b4 cxb4 16. cxb4 Rb8 17. bxa5 bxa5 18. Rxa5 Bd8 19. Ra8 Rxb5 20. Rxc8 Rxb2 21.
Nc4 Rc2 22. Nxd6 Rxc8 23. Nxc8 Bc7 24. Ne7+ Kh7 25. Nc6 g6 26. g3 Kg7 27. Ra7
Bd6 28. Nfe5 Kg8 29. Nc4 Ne8 30. Rd7 Bc7 31. e4 Bxg3 32. hxg3 Nf6 33. Ra7 Nxe4
34. N4e5 Nd6 35. Ne7+ Kg7 36. Rd7 Kf6 37. N7xg6 fxg6 38. Rxd6 1-0

[Event "XV Moglianoscacchi A"]
[Site "Mogliano Veneto ITA"]
[Date "1994.??.??"]
[Round "?"]
[White "Mufic, Goran"]
[Black "Godena, Michele"]
[Result "1-0"]
[WhiteElo "2315"]
[BlackElo "2480"]
[PlyCount "68"]
[EventDate "1994.??.??"]

1. e4 c5 2. c3 d5 3. exd5 Qxd5 4. d4 g6 5. dxc5 Qxc5 6. Be3 Qa5 7. Na3 Nf6 8.
Qb3 Nc6 9. Bc4 e6 10. Nf3 Bg7 11. Nb5 O-O 12. O-O a6 13. Nbd4 Nxd4 14. Bxd4 b5
15. Be2 Bb7 16. c4 Qc7 17. Be5 bxc4 18. Qc3 Qe7 19. Qxc4 Nd5 20. Bxg7 Kxg7 21.
Rfd1 Qf6 22. Qd4 Nf4 23. Kf1 Nxe2 24. Qxf6+ Kxf6 25. Kxe2 Rab8 26. b3 Bd5 27.
Rac1 Rb4 28. Rc5 Ra8 29. Ne1 Re4+ 30. Kf1 a5 31. Nc2 Re5 32. Rc3 a4 33. Ne3
axb3 34. axb3 Kg7 1-0

[Event "XV Moglianoscacchi A"]
[Site "Mogliano Veneto ITA"]
[Date "1994.??.??"]
[Round "?"]
[White "Negro, Roberto"]
[Black "Mufic, Goran"]
[Result "0-1"]
[WhiteElo "2154"]
[BlackElo "2315"]
[PlyCount "46"]
[EventDate "1994.??.??"]

1. d4 d5 2. c4 e6 3. Nc3 c6 4. e3 Nf6 5. Qc2 Nbd7 6. Nf3 Bd6 7. Be2 O-O 8. O-O
Qe7 9. e4 dxe4 10. Nxe4 Nxe4 11. Qxe4 e5 12. Bg5 Nf6 13. Bxf6 gxf6 14. Nh4 exd4
15. Qxd4 Rd8 16. Qe3 Qxe3 17. fxe3 Bc5 18. Rf3 Rd2 19. Rd1 Rxd1+ 20. Bxd1 Be6
21. Be2 Rd8 22. Rg3+ Kf8 23. Kf2 Rd2 0-1

[Event "XV Moglianoscacchi A"]
[Site "Mogliano Veneto ITA"]
[Date "1994.??.??"]
[Round "?"]
[White "Negro, Roberto"]
[Black "Santolini, Luigi"]
[Result "0-1"]
[WhiteElo "2154"]
[BlackElo "2240"]
[PlyCount "48"]
[EventDate "1994.??.??"]

1. d4 d5 2. c4 e6 3. Nc3 Be7 4. Bf4 Nf6 5. e3 O-O 6. g4 dxc4 7. Bxc4 c5 8. g5
Nfd7 9. Nf3 cxd4 10. exd4 Nb6 11. Bb3 Nd5 12. Qd2 Nc6 13. O-O b6 14. Nxd5 exd5
15. Rac1 Na5 16. Ba4 Nc4 17. Qe2 Bg4 18. b3 Bd6 19. Bxd6 Nxd6 20. Bc6 Rc8 21.
h4 Ne4 22. Rfe1 Qd6 23. Bb7 Rxc1 24. Rxc1 Qf4 0-1

[Event "XV Moglianoscacchi A"]
[Site "Mogliano Veneto ITA"]
[Date "1994.??.??"]
[Round "?"]
[White "Pipitone, Antonio"]
[Black "Mileto, Gabriele"]
[WhiteElo "1918"]
[BlackElo "2225"]
[Result "1/2-1/2"]
[PlyCount "116"]
[EventDate "1994.??.??"]

1. e4 g6 2. d4 d6 3. Nf3 Bg7 4. Be2 Nf6 5. Nc3 O-O 6. O-O Bg4 7. h3 Bxf3 8.
Bxf3 Nc6 9. Be3 Nd7 10. Qd2 e5 11. d5 Ne7 12. Bh6 f5 13. Bxg7 Kxg7 14. Rad1 h6
15. Be2 f4 16. f3 g5 17. Bd3 Nf6 18. Qf2 Ng6 19. Ne2 h5 20. g3 Qd7 21. Qg2 Kf7
22. Rf2 fxg3 23. Qxg3 Nf4 24. Nxf4 exf4 25. Qg2 Qe7 26. Kh1 Nd7 27. Rg1 Rg8 28.
Qh2 Ne5 29. h4 Qf6 30. hxg5 Rxg5 31. Rxg5 Qxg5 32. Rg2 Qh6 33. Qh3 Rh8 34. Qf5+
Qf6 35. Qxf6+ Kxf6 36. Be2 Ng6 37. Kh2 Ne7 38. Kh3 Rg8 39. Rxg8 Nxg8 40. Kh4
Kg6 41. Bd3 Kh6 42. Bf1 Ne7 43. Bb5 Ng6+ 44. Kh3 Ne5 45. Be2 Kg5 46. b3 a6 47.
Bd1 Ng6 48. Be2 Kf6 49. Bd3 Ke5 50. c3 Kf6 51. Be2 Kg5 52. Bd3 Ne5 53. Be2 a5
54. Kg2 Nd7 55. Kh3 Nb6 56. Bb5 Nc8 57. Be2 Ne7 58. a3 b5 1/2-1/2

[Event "XV Moglianoscacchi A"]
[Site "Mogliano Veneto ITA"]
[Date "1994.??.??"]
[Round "?"]
[White "Rodighiero, Giuseppe"]
[Black "Rossi, Carlo"]
[Result "0-1"]
[WhiteElo "2190"]
[BlackElo "2345"]
[PlyCount "70"]
[EventDate "1994.??.??"]

1. d4 Nc6 2. Nf3 d6 3. d5 Nb8 4. c4 Nf6 5. Nc3 g6 6. e4 Bg7 7. Be2 O-O 8. O-O
c6 9. Re1 Bg4 10. Be3 Qa5 11. Nd2 Bxe2 12. Qxe2 Nfd7 13. Nb3 Qb4 14. Bd2 Qb6
15. Be3 c5 16. Rab1 Na6 17. Nb5 Nc7 18. Nxc7 Qxc7 19. Bd2 a6 20. Rec1 b5 21.
Na5 b4 22. Nc6 Rfe8 23. a4 e6 24. Qd3 exd5 25. exd5 Ne5 26. Nxe5 Bxe5 27. Re1
Re7 28. Bg5 f6 29. Bh4 Rae8 30. Kf1 Bxb2 31. Re6 Bc3 32. f4 Rxe6 33. dxe6 Qe7
34. f5 gxf5 35. Qxf5 Qxe6 0-1

[Event "XV Moglianoscacchi A"]
[Site "Mogliano Veneto ITA"]
[Date "1994.??.??"]
[Round "?"]
[White "Rossi, Carlo"]
[Black "Borgato, Massimo"]
[Result "1-0"]
[WhiteElo "2345"]
[BlackElo "2107"]
[PlyCount "44"]
[EventDate "1994.??.??"]

1. e4 d6 2. Nc3 c6 3. Bc4 e6 4. Bb3 d5 5. d4 Nf6 6. e5 Nfd7 7. Nce2 b6 8. Nf3
Ba6 9. O-O Bc4 10. Bxc4 dxc4 11. b3 b5 12. a4 Nb6 13. bxc4 Nxc4 14. axb5 cxb5
15. Nc3 Be7 16. Nxb5 Nd7 17. d5 Ndxe5 18. Nxe5 Nxe5 19. d6 Bf6 20. Nc7+ Kf8 21.
Nxa8 Qxa8 22. d7 g5 1-0

[Event "XV Moglianoscacchi A"]
[Site "Mogliano Veneto ITA"]
[Date "1994.??.??"]
[Round "?"]
[White "Ruggeri, Pietro"]
[Black "Manca, Federico"]
[Result "0-1"]
[WhiteElo "2185"]
[BlackElo "2370"]
[PlyCount "68"]
[EventDate "1994.??.??"]

1. e4 d6 2. d4 Nf6 3. Nc3 g6 4. Nf3 Bg7 5. Be2 O-O 6. h3 Na6 7. Be3 c5 8. O-O
cxd4 9. Bxd4 Nc5 10. e5 Nfe4 11. exd6 Qxd6 12. Nxe4 Nxe4 13. Bxg7 Kxg7 14. Qxd6
Nxd6 15. c4 b6 16. Rfc1 Ba6 17. a4 Rac8 18. b3 Rc5 19. a5 Bb7 20. b4 Rc7 21.
axb6 axb6 22. Nd2 Rfc8 23. Rc3 Bd5 24. Rac1 Nb5 25. Re3 Be6 26. Bg4 Rd8 27.
Bxe6 Rxd2 28. Ree1 Nd4 29. Bg4 f5 30. Bf3 Kf6 31. Bd1 Rb2 32. b5 Rxb5 33. Ba4
Rb4 34. Bb5 Rxb5 0-1

[Event "XV Moglianoscacchi A"]
[Site "Mogliano Veneto ITA"]
[Date "1994.??.??"]
[Round "?"]
[White "Santolini, Luigi"]
[Black "Bracaglia, Carlo"]
[Result "1-0"]
[WhiteElo "2240"]
[BlackElo "1902"]
[PlyCount "81"]
[EventDate "1994.??.??"]

1. d4 Nf6 2. c4 c5 3. d5 e6 4. Nc3 exd5 5. cxd5 d6 6. e4 g6 7. f4 Bg7 8. Bb5+
Nfd7 9. a4 Qh4+ 10. g3 Qd8 11. Nf3 O-O 12. O-O Na6 13. Kg2 Nb4 14. Re1 a6 15.
Bf1 Re8 16. Be3 Nf6 17. Bf2 Bd7 18. h3 Qc8 19. Kh2 b5 20. e5 Nh5 21. axb5 axb5
22. Rxa8 Qxa8 23. Bxb5 Bxb5 24. Nxb5 Nxd5 25. exd6 Rb8 26. Nc7 Nxc7 27. dxc7
Rc8 28. Bxc5 Rxc7 29. b4 Rc8 30. Re7 Bf6 31. Ra7 Qe4 32. Qd7 Qe2+ 33. Kg1 Bd4+
34. Nxd4 Qe1+ 35. Kg2 Qxg3+ 36. Kf1 Qd3+ 37. Ke1 Qc3+ 38. Kd1 Qd3+ 39. Kc1 Qf1+
40. Kb2 Qg2+ 41. Nc2 1-0

[Event "XV Moglianoscacchi A"]
[Site "Mogliano Veneto ITA"]
[Date "1994.??.??"]
[Round "?"]
[White "Santolini, Luigi"]
[Black "Hresc, Vladimir"]
[Result "1/2-1/2"]
[WhiteElo "2240"]
[BlackElo "2405"]
[PlyCount "42"]
[EventDate "1994.??.??"]

1. d4 Nf6 2. c4 e6 3. Nf3 b6 4. g3 Bb7 5. Bg2 Be7 6. O-O O-O 7. Re1 c5 8. Nc3
cxd4 9. Nxd4 Bxg2 10. Kxg2 Nc6 11. Nxc6 dxc6 12. b3 Qc7 13. Bb2 Rfd8 14. Qc2 b5
15. Ne4 Rd7 16. Nxf6+ Bxf6 17. Bxf6 gxf6 18. Red1 Rad8 19. cxb5 Rxd1 20. Rxd1
Rxd1 21. Qxd1 cxb5 1/2-1/2

[Event "XV Moglianoscacchi A"]
[Site "Mogliano Veneto ITA"]
[Date "1994.??.??"]
[Round "?"]
[White "Simoli, Sergio"]
[Black "Alba, Albano"]
[Result "1-0"]
[WhiteElo "2210"]
[BlackElo "2240"]
[PlyCount "55"]
[EventDate "1994.??.??"]

1. e4 c5 2. Nf3 e6 3. d4 cxd4 4. Nxd4 Nf6 5. Nc3 d6 6. g4 Nc6 7. g5 Nd7 8. Be3
Nb6 9. h4 a6 10. h5 d5 11. Nf3 Bb4 12. a3 Bxc3+ 13. bxc3 dxe4 14. Qxd8+ Nxd8
15. Nd2 Nd5 16. Bd4 e5 17. Bxe5 O-O 18. c4 Nc6 19. Bb2 Nf4 20. Rh4 Ne6 21. Nxe4
Ncd4 22. O-O-O Nf3 23. Rh1 Nexg5 24. Nxg5 Nxg5 25. Rg1 f6 26. Bg2 Rb8 27. Bd5+
Be6 28. Rxg5 1-0

[Event "XV Moglianoscacchi A"]
[Site "Mogliano Veneto ITA"]
[Date "1994.??.??"]
[Round "?"]
[White "Simoli, Sergio"]
[Black "Borgo, Giulio"]
[Result "0-1"]
[WhiteElo "2210"]
[BlackElo "2350"]
[PlyCount "98"]
[EventDate "1994.??.??"]

1. Nf3 c5 2. e4 Nc6 3. d4 cxd4 4. Nxd4 Nf6 5. Nc3 d6 6. Bc4 Qb6 7. Nb3 e6 8.
O-O Be7 9. Kh1 a6 10. f4 Qc7 11. Be2 b5 12. Bf3 Bb7 13. a3 O-O 14. Be3 Rac8 15.
Rf2 Nd7 16. Rd2 Nb6 17. Be2 Na4 18. Nxa4 bxa4 19. Nc1 Na5 20. c3 Bxe4 21. Qxa4
Nc4 22. Bxc4 Qxc4 23. Qxc4 Rxc4 24. Ne2 Rb8 25. Kg1 f6 26. Kf2 Kf7 27. g3 e5
28. b4 Ke6 29. Rb2 Bd3 30. Bd2 Re4 31. Re1 d5 32. Nc1 Rxe1 33. Kxe1 Bc4 34. Nb3
Kf5 35. Be3 Ke4 36. Kd2 d4 37. cxd4 Bxb3 38. Rxb3 exd4 39. Rd3 Rd8 40. Ke2 Bf8
41. f5 Rd5 42. Bf2 Bd6 43. g4 Bxh2 44. Rh3 Bf4 45. Rxh7 Rd7 46. Rh8 Rc7 47.
Re8+ Be5 48. Be1 Rc2+ 49. Bd2 Ra2 0-1

[Event "XV Moglianoscacchi A"]
[Site "Mogliano Veneto ITA"]
[Date "1994.??.??"]
[Round "?"]
[White "Simoli, Sergio"]
[Black "Godena, Michele"]
[Result "1-0"]
[WhiteElo "2210"]
[BlackElo "2480"]
[PlyCount "61"]
[EventDate "1994.??.??"]

1. Nf3 d6 2. d4 Bg4 3. h3 Bxf3 4. exf3 e6 5. Bd3 d5 6. O-O Bd6 7. Re1 Qf6 8. c4
Ne7 9. Nc3 O-O 10. Be3 c6 11. Qd2 Ng6 12. g3 dxc4 13. Bxc4 Qxf3 14. d5 exd5 15.
Be2 Qf6 16. Bg5 Qe6 17. Bg4 Ne5 18. Rxe5 Qxe5 19. Re1 Na6 20. Rxe5 Bxe5 21. Bf4
Bf6 22. Be2 Nb8 23. g4 Nd7 24. g5 Be5 25. Bg4 Rad8 26. Ne2 Rfe8 27. Bxd7 Bxf4
28. Nxf4 Rxd7 29. Qd4 f6 30. gxf6 Re4 31. Qxa7 1-0

[Event "III Festival Magistrale"]
[Site "Montecatini Terme ITA"]
[Date "1994.07.??"]
[Round "?"]
[White "Astengo, Marcello"]
[Black "Battaggia, Piergiorgio"]
[Result "1/2-1/2"]
[WhiteElo "2080"]
[BlackElo "2003"]
[PlyCount "30"]
[EventDate "1994.07.30"]

1. d4 d5 2. Nf3 Nf6 3. Bf4 e6 4. e3 c5 5. c3 Nc6 6. Nbd2 Be7 7. Bd3 Bd7 8. O-O
Qb6 9. Rb1 Rc8 10. Qe2 a6 11. dxc5 Qxc5 12. h3 Na7 13. Rfd1 Bb5 14. e4 Bxd3 15.
Qxd3 Qb5 1/2-1/2

[Event "III Festival Magistrale"]
[Site "Montecatini Terme ITA"]
[Date "1994.07.??"]
[Round "?"]
[White "Astengo, Marcello"]
[Black "Caputi, Nicola"]
[Result "0-1"]
[WhiteElo "2080"]
[BlackElo "1913"]
[PlyCount "73"]
[EventDate "1994.07.30"]

1. d4 Nf6 2. c4 e6 3. Nc3 Bb4 4. Bd2 d5 5. e3 O-O 6. a3 Be7 7. Nf3 c5 8. dxc5
Bxc5 9. Be2 dxc4 10. Ne5 Nbd7 11. Nxc4 a6 12. b4 Be7 13. O-O b6 14. Bf3 Ra7 15.
Rc1 Qc7 16. Qb3 Qb8 17. Rfd1 Bb7 18. e4 Ba8 19. Be3 Rc8 20. Rd2 e5 21. Rdc2 Rd8
22. Rd1 Bf8 23. g4 h6 24. h4 Rb7 25. g5 Nh7 26. g6 Nhf6 27. Rcd2 Rc8 28. Nd6
Bxd6 29. Rxd6 Rf8 30. gxf7+ Kh8 31. Qe6 Rc7 32. Nd5 Bxd5 33. exd5 Rc3 34. Bxh6
Rxf3 35. Rxd7 Qc8 36. Kg2 e4 37. Bxg7+ 0-1

[Event "III Festival Magistrale"]
[Site "Montecatini Terme ITA"]
[Date "1994.07.??"]
[Round "?"]
[White "Astengo, Marcello"]
[Black "Costantino, Giampaolo"]
[Result "0-1"]
[WhiteElo "2080"]
[BlackElo "1953"]
[PlyCount "68"]
[EventDate "1994.07.30"]

1. d4 Nf6 2. c4 e6 3. Nc3 Bb4 4. Bd2 O-O 5. a3 Bxc3 6. Bxc3 Ne4 7. Rc1 d6 8.
Nf3 Nc6 9. e3 e5 10. d5 Ne7 11. Bd3 Nxc3 12. Rxc3 f5 13. e4 b6 14. O-O Ng6 15.
b4 a5 16. Qd2 Nf4 17. Rfc1 axb4 18. axb4 Ra4 19. Rb3 Qe8 20. Ne1 Qg6 21. exf5
Bxf5 22. Bxf5 Qxf5 23. Nd3 Ng6 24. Nb2 Ra2 25. Rf3 Qe4 26. Rxf8+ Kxf8 27. f3
Qf4 28. Qc3 Ra3 29. Qc2 Qd4+ 30. Kh1 Nf4 31. Qf5+ Ke7 32. Nd1 Qd2 33. Qg5+ Ke8
34. Rb1 Qe1# 0-1

[Event "III Festival Magistrale"]
[Site "Montecatini Terme ITA"]
[Date "1994.07.??"]
[Round "?"]
[White "Baccaro, Franco"]
[Black "Gaido, Paolo"]
[Result "0-1"]
[WhiteElo "1947"]
[BlackElo "2095"]
[PlyCount "60"]
[EventDate "1994.07.30"]

1. d4 Nf6 2. Nf3 g6 3. e3 Bg7 4. Bd3 O-O 5. O-O d6 6. Nbd2 Nbd7 7. b3 c5 8. Bb2
b6 9. c4 e6 10. Qc2 Bb7 11. Ne4 Nxe4 12. Bxe4 Qc7 13. Bxb7 Qxb7 14. Rad1 Rac8
15. d5 e5 16. Ng5 h6 17. Ne4 Qc7 18. Nc3 f5 19. e4 f4 20. f3 Nf6 21. Nb5 Qd7
22. a3 g5 23. h3 h5 24. Kh2 Kf7 25. Qd3 Rg8 26. b4 Bh6 27. bxc5 bxc5 28. Rb1 g4
29. Nc3 gxh3 30. gxh3 Rg3 0-1

[Event "III Festival Magistrale"]
[Site "Montecatini Terme ITA"]
[Date "1994.07.??"]
[Round "?"]
[White "Baccaro, Franco"]
[Black "Gazzarri, Alberto"]
[Result "1-0"]
[WhiteElo "1947"]
[BlackElo "2210"]
[PlyCount "39"]
[EventDate "1994.07.30"]

1. d4 d5 2. Nf3 c6 3. e3 Nf6 4. Nbd2 Bf5 5. Bd3 Bxd3 6. cxd3 e6 7. Ne5 Bd6 8.
f4 c5 9. Qa4+ Nbd7 10. dxc5 Bxc5 11. Ndf3 O-O 12. O-O Qe7 13. Bd2 h6 14. Rac1
a6 15. a3 Rfc8 16. Rc2 b5 17. Qb3 Nxe5 18. Nxe5 Nd7 19. Rfc1 Rc7 20. Nxd7 1-0

[Event "III Festival Magistrale"]
[Site "Montecatini Terme ITA"]
[Date "1994.07.??"]
[Round "?"]
[White "Baccaro, Franco"]
[Black "Pala, Giorgio"]
[Result "1-0"]
[WhiteElo "1947"]
[BlackElo "2056"]
[PlyCount "89"]
[EventDate "1994.07.30"]

1. d4 Nf6 2. Nf3 g6 3. e3 Bg7 4. c4 O-O 5. Nc3 c5 6. Be2 b6 7. O-O Bb7 8. Qc2
cxd4 9. exd4 d5 10. b3 Nbd7 11. Rd1 Rc8 12. Ne5 a6 13. Ba3 Re8 14. Bf3 Qc7 15.
Nxd7 Qxd7 16. c5 bxc5 17. Bxc5 e5 18. g3 Qc7 19. Qd2 Nd7 20. Nxd5 Bxd5 21. Bxd5
Nxc5 22. dxc5 Qxc5 23. Rac1 Qa7 24. Rxc8 Rxc8 25. Bc4 Rc7 26. Qd8+ Bf8 27. Qe8
Re7 28. Qd8 e4 29. Qc8 e3 30. Qxa6 exf2+ 31. Kg2 Qxa6 32. Bxa6 Ra7 33. Bc4 Rxa2
34. Rd7 Bc5 35. Rxf7 Kh8 36. Rc7 Ba7 37. b4 Ra1 38. Bf1 Bd4 39. b5 Ra7 40. Rc4
Rd7 41. Rc6 Kg7 42. b6 Kf8 43. Rc7 Re7 44. b7 Ba7 45. Rc8+ 1-0

[Event "III Festival Magistrale"]
[Site "Montecatini Terme ITA"]
[Date "1994.07.??"]
[Round "?"]
[White "Baccaro, Franco"]
[Black "Wagman, Stuart"]
[Result "0-1"]
[WhiteElo "1947"]
[BlackElo "2210"]
[PlyCount "60"]
[EventDate "1994.07.30"]

1. d4 d5 2. Nf3 Nf6 3. e3 g6 4. c3 Bg7 5. Nbd2 Nbd7 6. Bd3 O-O 7. O-O c6 8. b4
Qc7 9. Bb2 e5 10. e4 dxe4 11. Nxe4 Nxe4 12. Bxe4 Nf6 13. Bc2 exd4 14. cxd4 Be6
15. Bb3 Bd5 16. Ne5 Rad8 17. a3 a5 18. Rc1 axb4 19. axb4 Qb6 20. Nc4 Bxc4 21.
Bxc4 Qxb4 22. Bc3 Qxc4 23. Ba5 Qxd4 24. Bxd8 Rxd8 25. Qb3 Qd7 26. Rfd1 Nd5 27.
Rb1 b6 28. Qf3 Qc7 29. Rd3 Ra8 30. Qe4 Nc3 0-1

[Event "III Festival Magistrale"]
[Site "Montecatini Terme ITA"]
[Date "1994.07.??"]
[Round "?"]
[White "Balzan, Roberto"]
[Black "Caruso, Daniele"]
[Result "1-0"]
[WhiteElo "1933"]
[BlackElo "2085"]
[PlyCount "69"]
[EventDate "1994.07.30"]

1. d4 Nf6 2. c4 g6 3. Nc3 Bg7 4. e4 d6 5. Nge2 O-O 6. Ng3 e5 7. d5 a5 8. Be2
Nbd7 9. h4 h5 10. Bg5 Nc5 11. Bxh5 gxh5 12. Nxh5 Kh8 13. f3 Rg8 14. Qd2 Ncd7
15. Nb5 b6 16. b3 Ba6 17. Nxc7 Qxc7 18. Bxf6 Nxf6 19. Nxf6 Rgb8 20. Qg5 Bxf6
21. Qxf6+ Kg8 22. Rh3 Kf8 23. Rg3 Qd8 24. Qh6+ Ke7 25. Rg7 Rb7 26. Qg5+ Kd7 27.
Rxf7+ Kc8 28. Qf5+ Rd7 29. Rf8 Kc7 30. Rxd8 Raxd8 31. Kd2 Bc8 32. Qg5 Rh7 33.
Rh1 Rdd7 34. g4 Rdf7 35. Qe3 1-0

[Event "III Festival Magistrale"]
[Site "Montecatini Terme ITA"]
[Date "1994.07.??"]
[Round "?"]
[White "Balzan, Roberto"]
[Black "Giordani, Marco"]
[WhiteElo "1933"]
[BlackElo "2034"]
[Result "1-0"]
[PlyCount "57"]
[EventDate "1994.07.30"]

1. d4 Nf6 2. c4 e6 3. Nc3 Bb4 4. e3 b6 5. Nge2 Bb7 6. a3 Be7 7. d5 O-O 8. Ng3
d6 9. Bd3 exd5 10. cxd5 Nxd5 11. Nxd5 Bxd5 12. Qh5 f5 13. Nxf5 Bg5 14. Nxg7
Kxg7 15. Qxh7+ Kf6 16. Qg6+ Ke5 17. f4+ Bxf4 18. exf4+ Kd4 19. Be3+ Kxe3 20.
Qg3+ Kd4 21. Kd2 Bxg2 22. Qf2+ Kd5 23. Qxg2+ Ke6 24. Qg4+ Kf7 25. Qg6+ Ke7 26.
Rae1+ Kd7 27. Qe6+ Kc6 28. Be4+ Kb5 29. Qb3+ 1-0

[Event "III Festival Magistrale"]
[Site "Montecatini Terme ITA"]
[Date "1994.07.??"]
[Round "?"]
[White "Balzan, Roberto"]
[Black "Giuliano, Arturo"]
[WhiteElo "1933"]
[BlackElo "2114"]
[Result "1-0"]
[PlyCount "69"]
[EventDate "1994.07.30"]

1. d4 Nf6 2. c4 e6 3. Nc3 Bb4 4. e3 O-O 5. Bd3 d6 6. Nge2 e5 7. O-O c5 8. dxe5
dxe5 9. Qc2 h6 10. b3 Bxc3 11. Nxc3 Nc6 12. a3 Be6 13. Bb2 Nd7 14. Rad1 f5 15.
Nd5 Rc8 16. f4 e4 17. Qc3 Rf7 18. Be2 Qh4 19. g3 Qd8 20. Bh5 Qf8 21. Bxf7+ Qxf7
22. Rf2 Kh7 23. Rfd2 Qf8 24. h3 a6 25. Kh2 b5 26. Ba1 b4 27. axb4 cxb4 28. Nxb4
Nde5 29. fxe5 Nxb4 30. Rd6 f4 31. exf4 Qf5 32. Rxe6 Nd3 33. Rd6 Nf2 34. e6
Qxh3+ 35. Kg1 1-0

[Event "III Festival Magistrale"]
[Site "Montecatini Terme ITA"]
[Date "1994.07.??"]
[Round "?"]
[White "Balzan, Roberto"]
[Black "Isonzo, David"]
[WhiteElo "1933"]
[BlackElo "2124"]
[Result "0-1"]
[PlyCount "55"]
[EventDate "1994.07.30"]

1. d4 Nf6 2. c4 g6 3. Nc3 Bg7 4. e4 d6 5. Nge2 O-O 6. Ng3 Nc6 7. d5 Ne5 8. Be2
c6 9. f4 Ned7 10. Be3 h5 11. O-O a6 12. Qd2 c5 13. a4 Rb8 14. Rae1 Qa5 15. h3
h4 16. Nh1 Qb4 17. Nf2 Nb6 18. b3 Nh5 19. e5 Ng3 20. a5 Qxa5 21. Ra1 Qxc3 22.
Rfd1 Qxd2 23. Rxd2 Nf5 24. Rd3 Nd7 25. Ng4 dxe5 26. fxe5 Nxe5 27. Nxe5 Bxe5 28.
Bf1 0-1

[Event "III Festival Magistrale"]
[Site "Montecatini Terme ITA"]
[Date "1994.07.??"]
[Round "?"]
[White "Barlocco, Carlo"]
[Black "Bissanti, Carlo"]
[Result "0-1"]
[WhiteElo "2280"]
[BlackElo "1902"]
[PlyCount "68"]
[EventDate "1994.07.30"]

1. e4 e5 2. Nf3 Nf6 3. Nxe5 d6 4. Nf3 Nxe4 5. d4 d5 6. Bd3 Bg4 7. c4 Bb4+ 8.
Kf1 Nc6 9. Qb3 Bxf3 10. gxf3 Qh4 11. Be3 dxc4 12. Bxc4 Nd6 13. Bd3 O-O-O 14.
Nc3 Qh3+ 15. Ke2 Rhe8 16. Be4 Nf5 17. Rhd1 Nfxd4+ 18. Rxd4 Nxd4+ 19. Bxd4 Rxd4
20. Qa4 Qd7 21. Qxa7 Qd6 22. Qxb7+ Kd8 23. Kf1 Bxc3 24. bxc3 Rd2 25. Qb1 Ke7
26. Qb4 c5 27. Qc4 Rb8 28. Rb1 Rxb1+ 29. Bxb1 Rd1+ 30. Kg2 Kf8 31. Bc2 Rd5 32.
Bb3 Rg5+ 33. Kf1 Qg6 34. h4 Qb1+ 0-1

[Event "III Festival Magistrale"]
[Site "Montecatini Terme ITA"]
[Date "1994.07.??"]
[Round "?"]
[White "Barlocco, Carlo"]
[Black "Costantino, Giampaolo"]
[Result "1-0"]
[WhiteElo "2280"]
[BlackElo "1953"]
[PlyCount "63"]
[EventDate "1994.07.30"]

1. e4 c6 2. d4 d5 3. e5 Bf5 4. Nf3 e6 5. Be2 c5 6. O-O Nc6 7. Be3 Qb6 8. Nc3
Qxb2 9. Nb5 Rc8 10. dxc5 Qxc2 11. Qe1 Bd3 12. Nbd4 Nxd4 13. Nxd4 Qc4 14. Rc1
Qa6 15. Bxd3 Qxd3 16. Qb4 Qa6 17. Nb5 Nh6 18. Nd6+ Bxd6 19. cxd6 Kd7 20. Bxh6
gxh6 21. Qh4 Rhe8 22. Qf6 Rc6 23. Qxf7+ Kd8 24. Qf4 Rc4 25. Rxc4 dxc4 26. Qf6+
Kc8 27. Qf7 Qc6 28. a4 Qd7 29. Qh5 Qxa4 30. Rc1 b6 31. Qf7 Qc6 32. Rxc4 1-0

[Event "III Festival Magistrale"]
[Site "Montecatini Terme ITA"]
[Date "1994.07.??"]
[Round "?"]
[White "Barlocco, Carlo"]
[Black "Dizdarevic, Emir"]
[Result "0-1"]
[WhiteElo "2280"]
[BlackElo "2495"]
[PlyCount "124"]
[EventDate "1994.07.30"]

1. e4 g6 2. d4 Bg7 3. Nf3 d6 4. h3 c6 5. Bd3 Nf6 6. O-O O-O 7. c3 Qc7 8. Be3 e5
9. dxe5 dxe5 10. a4 h6 11. Nbd2 Be6 12. Qc2 Nbd7 13. Rfd1 Rfe8 14. Bc4 b6 15.
b4 Bf8 16. Bxe6 Rxe6 17. Rab1 c5 18. b5 c4 19. Qa2 Rc8 20. Ne1 Nc5 21. Qxc4
Ncxe4 22. Qxc7 Rxc7 23. Nxe4 Nxe4 24. Rd8 Nxc3 25. Ra1 g5 26. a5 Kg7 27. axb6
axb6 28. Raa8 Bc5 29. Rh8 Rg6 30. Rag8+ Kf6 31. Rxh6 Bxe3 32. Rhxg6+ fxg6 33.
fxe3 Nxb5 34. Rb8 Rc6 35. Nd3 Nd6 36. Nf2 b5 37. Ng4+ Kf5 38. Kf2 Ke4 39. Nf6+
Kd3 40. Nd5 Rc5 41. Ne7 Rc2+ 42. Kg1 Kxe3 43. Rg8 Nf5 44. Nxf5+ gxf5 45. Rxg5
b4 46. Rxf5 Rc1+ 47. Kh2 Kd4 48. Rf8 b3 49. Rb8 Kc3 50. Rc8+ Kd2 51. Rb8 Kc2
52. Rc8+ Kb1 53. Re8 Re1 54. Kg3 b2 55. Kf2 Kc2 56. Rc8+ Kd3 57. Rd8+ Ke4 58.
Kxe1 b1=Q+ 59. Rd1 Qc2 60. Rd2 Qc3 61. Kd1 Ke3 62. Rc2 Qd4+ 0-1

[Event "III Festival Magistrale"]
[Site "Montecatini Terme ITA"]
[Date "1994.07.??"]
[Round "?"]
[White "Barlocco, Carlo"]
[Black "Picardi, Angelo"]
[Result "1-0"]
[WhiteElo "2280"]
[BlackElo "2123"]
[PlyCount "59"]
[EventDate "1994.07.30"]

1. e4 c5 2. Nf3 d6 3. d4 cxd4 4. Nxd4 Nf6 5. Nc3 g6 6. Be3 Bg7 7. f3 Nc6 8. Qd2
O-O 9. O-O-O Nxd4 10. Bxd4 Be6 11. Kb1 Qc7 12. g4 Rfc8 13. h4 Qa5 14. a3 Rab8
15. h5 b5 16. hxg6 b4 17. gxh7+ Kh8 18. Nd5 Bxd5 19. exd5 Qa4 20. b3 Qxa3 21.
Qc1 Qxc1+ 22. Kxc1 a5 23. Kb2 Nd7 24. Bxg7+ Kxg7 25. Re1 Ne5 26. f4 Ng6 27. f5
Ne5 28. g5 Rh8 29. g6 fxg6 30. fxg6 1-0

[Event "III Festival Magistrale"]
[Site "Montecatini Terme ITA"]
[Date "1994.07.??"]
[Round "?"]
[White "Bartolini, Tommaso"]
[Black "Bini, Lorenzo"]
[Result "1-0"]
[WhiteElo "2090"]
[BlackElo "1995"]
[PlyCount "47"]
[EventDate "1994.07.30"]

1. d4 b6 2. e4 Bb7 3. Nc3 e6 4. Nf3 d6 5. Bd3 h6 6. Be3 Nd7 7. Qe2 a6 8. O-O-O
Ne7 9. Rhe1 b5 10. g4 Nb6 11. g5 b4 12. Nb1 c6 13. Bd2 a5 14. d5 e5 15. Be3
cxd5 16. exd5 Nd7 17. Bb5 Qc8 18. Nbd2 Nxd5 19. Nc4 Kd8 20. Nfxe5 dxe5 21. Nxe5
Nxe5 22. Bb6+ Ke7 23. Qxe5+ Qe6 24. Rxd5 1-0

[Event "III Festival Magistrale"]
[Site "Montecatini Terme ITA"]
[Date "1994.07.??"]
[Round "?"]
[White "Bartolini, Tommaso"]
[Black "Cecconi, Giovanni Alberto"]
[Result "1/2-1/2"]
[WhiteElo "2090"]
[BlackElo "2240"]
[PlyCount "27"]
[EventDate "1994.07.30"]

1. d4 d5 2. Nf3 Nf6 3. c4 e6 4. Nc3 c6 5. cxd5 exd5 6. Bg5 Be7 7. e3 Bg4 8. Qb3
Qb6 9. Ne5 Bf5 10. Bd3 Bxd3 11. Nxd3 Nbd7 12. O-O O-O 13. Qd1 Rae8 14. Rc1
1/2-1/2

[Event "III Festival Magistrale"]
[Site "Montecatini Terme ITA"]
[Date "1994.07.??"]
[Round "?"]
[White "Battaggia, Piergiorgio"]
[Black "Bartolini, Tommaso"]
[Result "1/2-1/2"]
[WhiteElo "2003"]
[BlackElo "2090"]
[PlyCount "49"]
[EventDate "1994.07.30"]

1. d4 Nf6 2. Nf3 g6 3. c4 Bg7 4. Nc3 d5 5. Bg5 Ne4 6. cxd5 Nxg5 7. Nxg5 c6 8.
Nf3 cxd5 9. e3 O-O 10. Qb3 e6 11. Bd3 Nc6 12. O-O Qe7 13. Rac1 Rd8 14. Rfd1 Rb8
15. Be2 Bd7 16. Rd2 Be8 17. Qd1 Rbc8 18. Rdc2 Qd6 19. a3 Qb8 20. b4 Ne7 21. h3
Nf5 22. Na4 Nd6 23. Nc5 h6 24. Qf1 Kh7 25. a4 1/2-1/2